<?xml version="1.0" encoding="UTF-8"?>
<collection xmlns="http://www.loc.gov/MARC21/slim">
 <record>
  <leader>02403nam a2200337 a 4500</leader>
  <controlfield tag="001">TVCDKTCT8675</controlfield>
  <controlfield tag="003">Thư viện trường Cao đẳng Kỹ thuật Cao Thắng</controlfield>
  <controlfield tag="005">20080307000000</controlfield>
  <controlfield tag="008">080307</controlfield>
  <datafield tag="980" ind1="\" ind2="\">
   <subfield code="a">Thư viện Trường CĐ Kỹ Thuật Cao Thắng</subfield>
  </datafield>
  <datafield tag="024" ind1=" " ind2=" ">
   <subfield code="a">RG_1 #1 eb0 i1</subfield>
  </datafield>
  <datafield tag="041" ind1="0" ind2="#">
   <subfield code="a">vie</subfield>
  </datafield>
  <datafield tag="082" ind1="#" ind2="#">
   <subfield code="a">379 / </subfield>
   <subfield code="b">H250TH-n</subfield>
  </datafield>
  <datafield tag="100" ind1="1" ind2="#">
   <subfield code="a">Nguyễn Thành Long</subfield>
  </datafield>
  <datafield tag="245" ind1="0" ind2="0">
   <subfield code="a">Hệ thống các văn bản hướng dẫn mới nhất về đổi mới phương pháp nâng cao chất lượng dạy và học trong giáo dục /</subfield>
   <subfield code="c">Nguyễn Thành Long</subfield>
  </datafield>
  <datafield tag="260" ind1="#" ind2="#">
   <subfield code="a">H. :</subfield>
   <subfield code="b">Nhà xuất bản Lao động ,</subfield>
   <subfield code="c">2007</subfield>
  </datafield>
  <datafield tag="300" ind1="#" ind2="#">
   <subfield code="a">736tr.</subfield>
  </datafield>
  <datafield tag="520" ind1="#" ind2="#">
   <subfield code="a">Nội dung gồm 2 phần</subfield>
  </datafield>
  <datafield tag="520" ind1="#" ind2="#">
   <subfield code="a">Phần I: Những quy định chung</subfield>
  </datafield>
  <datafield tag="520" ind1="#" ind2="#">
   <subfield code="a">Phần II: Những quy định cụ thể</subfield>
  </datafield>
  <datafield tag="520" ind1="#" ind2="#">
   <subfield code="a">I. Các quy định về đổi mới phương pháp - nâng cao chất lượng dạy và học trong giáo dục và đào tạo.</subfield>
  </datafield>
  <datafield tag="520" ind1="#" ind2="#">
   <subfield code="a">1.Các quy định đối với nhà giáo về đổi mới phương pháp - nâng cao chất lượng dạy và học trong giáo dục và đào tạo.</subfield>
  </datafield>
  <datafield tag="520" ind1="#" ind2="#">
   <subfield code="a">2. Các quy định về đổi mới phương pháp - nâng cao chất lượng dạy và học trong giáo dục mầm non.</subfield>
  </datafield>
  <datafield tag="520" ind1="#" ind2="#">
   <subfield code="a">3. Các quy định về đổi mới phương pháp - nâng cao chất lượng dạy và học trong giáo dục phổ thông.</subfield>
  </datafield>
  <datafield tag="520" ind1="#" ind2="#">
   <subfield code="a">4. Các quy định về đổi mới phương pháp - nâng cao chất lượng dạy và học trong giáo dục và đại học.</subfield>
  </datafield>
  <datafield tag="520" ind1="#" ind2="#">
   <subfield code="a">5. Các quy định về đổi mới phương pháp - nâng cao chất lượng dạy và học trong dạy nghề.</subfield>
  </datafield>
  <datafield tag="520" ind1="#" ind2="#">
   <subfield code="a">6. Các quy định  của Điều ước quốc tế về đổi mới phương pháp - nâng cao chất lượng dạy và học trong giáo dục và đào tạo.</subfield>
  </datafield>
  <datafield tag="520" ind1="#" ind2="#">
   <subfield code="a">II. Các quy định về đổi mới Quy chế đào tạo, quy chế thi cử trong giáo dục và đào tạo.</subfield>
  </datafield>
  <datafield tag="650" ind1="#" ind2="4">
   <subfield code="a">Giáo Dục Đào Tạo</subfield>
  </datafield>
  <datafield tag="650" ind1="#" ind2="4">
   <subfield code="a">Đổi mới phương pháp dạy&amp; học</subfield>
  </datafield>
  <datafield tag="650" ind1="#" ind2="4">
   <subfield code="a">Nâng cao chất lượng dạy--học</subfield>
  </datafield>
 </record>
</collection>
